000 00345nam a22001457a 4500
008 210310b ||||| |||| 00| 0 eng d
020 _a9780195439496
041 _aeng
080 _a82
082 _a82
100 _a21
101 _aGJL
245 _aMoving Beyond the Page a Reader for Writing and Thinking
_cMorfetas, E
942 _2udc
_cBK
999 _c56117
_d56117